00325nam a2200085Ia 4500008004100000082001500041100003500056245013300091260001500224230320s9999||||xx |||||||||||||| ||spa|| aTMG/2018/4 aCortez Abanto, Rosalyn Michele 0aEstilos De Liderazgo De Los Directores Y Calidad De La Gestión Educativa En Instituciones Públicas De Educación Secundaria bLima, 2018